000 00500nam a22002057a 4500
999 _c8020
_d8020
003 OSt
005 20220831111526.0
008 220831b ||||| |||| 00| 0 eng d
020 _a0306449676
040 _cDDC
082 _a595.7 GIL 1995
100 _aGillott, Cedric
_916311
245 _aEntomology.
250 _a2nd ed.
260 _aNew York:
_bPlenum Press;
_c1995
300 _axviii,798p.:
_bill;
_c25cm.
504 _aIndex included.
650 _aEntomology.
_9977
942 _2ddc
_cBOOK